|
|
|
|
| LEADER |
00000nam0a2200000 4500 |
| 001 |
325553 |
| 005 |
20231102003756.0 |
| 035 |
|
|
|a (RuTPU)RU\TPU\book\351167
|
| 090 |
|
|
|a 325553
|
| 100 |
|
|
|a 20161207d1934 km y0rusy50 ca
|
| 101 |
0 |
|
|a rus
|a eng
|
| 102 |
|
|
|a RU
|
| 105 |
|
|
|a a z 001zy
|
| 200 |
1 |
|
|a Введение в петрографию углей
|f Ю. А. Жемчужников
|
| 205 |
|
|
|a 2-е изд., испр. и перераб.
|
| 210 |
|
|
|a Ленинград
|a Москва
|c Изд-во ОНТИ НКТП
|d 1934
|
| 215 |
|
|
|a 224 с.
|c ил.
|
| 320 |
|
|
|a Библиогр.: с. 206-216
|
| 606 |
1 |
|
|a Угли ископаемые
|x Петрография
|2 stltpush
|3 (RuTPU)RU\TPU\subj\62431
|9 79507
|
| 610 |
1 |
|
|a история
|
| 610 |
1 |
|
|a шлифы
|
| 610 |
1 |
|
|a приготовление
|
| 610 |
1 |
|
|a методика
|
| 610 |
1 |
|
|a микроскопические методы
|
| 610 |
1 |
|
|a углефикация
|
| 610 |
1 |
|
|a физико-химические свойства
|
| 610 |
1 |
|
|a генетическая классификация
|
| 610 |
1 |
|
|a угольные бассейны
|
| 610 |
1 |
|
|a петрографическое описание
|
| 675 |
|
|
|a 552.57
|v 4
|
| 700 |
|
1 |
|a Жемчужников
|b Ю. А.
|
| 801 |
|
1 |
|a RU
|b 63413507
|c 20161207
|
| 801 |
|
2 |
|a RU
|b 63413507
|c 20200123
|g RCR
|
| 942 |
|
|
|c BK
|